Economía mundial y políticas agrarias /

में बचाया:
ग्रंथसूची विवरण
मुख्य लेखक: Varela Ortega, Consuelo
स्वरूप: मूलपाठ
विषय:
टैग: टैग जोड़ें
कोई टैग नहीं, इस रिकॉर्ड को टैग करने वाले पहले व्यक्ति बनें!

MARC

LEADER 00000 a a2200000 04500
001 286
003
040
100 |a Varela Ortega, Consuelo  
245 |a Economía mundial y políticas agrarias /  |c Consuelo Varela Ortega 
650 |a ECONOMIA MUNDIAL  
650 |a POLTICA AGRICOLA  
650 |a PAISES EN DESARROLLO  
773 |g número 38 -39; páginas 17-29  
999 |c 24090  |d 24090 
773 0 |0 42397  |9 3462  |a España.  |d Madrid : España: Ministerio de Agricultura. Secretaría General Técnica  |o 03783  |t Agricultura y Sociedad /  |x 02118394